000 01117cam a2200277 a 4500
001 000017980
003 DO-SdBNP
005 20250611111649.0
008 960816s1992 sp ac b 001 0 spa d
020 _a840007307X
040 _aDO-SdBNP
_bspa
_cBNPHU
082 _a970.015
_bC719c
100 1 _aColón de Carvajal, Anunciada.
_938975
245 1 0 _aCristóbal Colón :
_bincógnitas de su muerte 1506-1902, primeros almirantes de las Indias /
_cAnunciada Colón de Carvajal, Guadalupe Chocano.
260 _aMadrid :
_bConsejo Superior de Investigaciones Científicas,
_c1992.
300 _a2 v. :
_bil., mapas. ;
_c33 cm.
500 _aIncluye referencias bibliográficas y notas al pie de las páginas
500 _aIncluye índice de laminas
504 _aBibliografía: p. 193-203
590 _aInventariado, 2020/YL
650 4 _aExploradores italianos
_938976
_vBiografías
651 4 _aAmérica --
_xDescubrimiento y exploración --
_xEspañoles
_9544
_vEnsayo, conferencias, etc.
700 1 2 _aChocano Higueras, Guadalupe.
_938977
910 _aValidado. Control de calidad MFF
942 _2ddc
_cLBS1
999 _c17502
_d17502